5 największych wysp na morzu Czarnym - Statystyki

Ogólne statystyki
  • Ten quiz został rozwiązany 10 razy
  • Średni wynik to 1 z 5
Statystyki odpowiedzi
Państwo Wyspa % Poprawnych
Ukraina (Półwysep) Krym
83%
Bułgaria Wyspa {warna}
17%
Turcja Wyspa {Giresun}
0%
Ukraina Wyspa {snake}
0%
Rumunia Wyspa {sulina}
0%
Nie znaleziono quizów pasujących do podanych kryteriów
Rozkład punktacji
Procent ludzi z każdym wynikiem
Percentyl według liczby udzielonych odpowiedzi
Twoja historia wyników
Nie rozwiązałeś tego quizu